Me on the map / (Record no. 2959)

MARC details
000 -LEADER
fixed length control field 01202cam a2200301 i 4500
005 - DATE AND TIME OF LATEST TRANSACTION
control field 20250828111527.0
020 ## - INTERNATIONAL STANDARD BOOK NUMBER
International Standard Book Number 0590107054
040 ## - CATALOGING SOURCE
Original cataloging agency DLC
Language of cataloging eng
Transcribing agency DLC
Description conventions rda
Modifying agency DLC
-- DLC
050 00 - LIBRARY OF CONGRESS CALL NUMBER
Classification number GA130.S885
082 00 - DEWEY DECIMAL CLASSIFICATION NUMBER
Classification number 912.014
100 1# - MAIN ENTRY--PERSONAL NAME
Personal name Sweeney, Joan
Dates associated with a name 1930-2017,
Relator term author.
245 10 - TITLE STATEMENT
Title Me on the map /
Statement of responsibility, etc. by Sweeney, Joan ; illustrated by Cable, Annette
250 ## - EDITION STATEMENT
Edition statement First Scholastic printing, September 1997
260 ## - PUBLICATION, DISTRIBUTION, ETC.
Place of publication, distribution, etc. New York :
Name of publisher, distributor, etc. Scholastic ,
Date of publication, distribution, etc. 1996
300 ## - PHYSICAL DESCRIPTION
Extent 27 unnumbered pages :
Other physical details color illustrations, maps ;
Dimensions 24 cm .
490 ## - SERIES STATEMENT
Series statement Me... books
500 ## - GENERAL NOTE
General note "Originally published in hardcover with different illustrations by Crown Publishers, an imprint of Random House Children's Books, a division of Penguin Random House LLC, New York, in 1996"--T.p. verso.
505 ## - FORMATTED CONTENTS NOTE
Formatted contents note E <br/>
520 ## - SUMMARY, ETC.
Summary, etc. A child describes how her room, her house, her town, her state, and her country become part of a map of her world.
521 1# - TARGET AUDIENCE NOTE
Target audience note 280 <br/>
Source Lexile <br/>
521 1# - TARGET AUDIENCE NOTE
Target audience note E <br/>
Source Raz-Plus <br/>
650 #0 - SUBJECT ADDED ENTRY--TOPICAL TERM
Topical term or geographic name entry element Maps
Form subdivision Juvenile literature.
650 #0 - SUBJECT ADDED ENTRY--TOPICAL TERM
Topical term or geographic name entry element Maps.
700 1# - ADDED ENTRY--PERSONAL NAME
Personal name Cable, Annette
Relator term illustrator
906 ## - LOCAL DATA ELEMENT F, LDF (RLIN)
a 7
b cbc
c orignew
d 1
e ecip
f 20
g y-gencatlg
942 ## - ADDED ENTRY ELEMENTS (KOHA)
Source of classification or shelving scheme Dewey Decimal Classification
Koha item type Books
Suppress in OPAC No
999 ## -
-- 2959
-- 2959
Holdings
Withdrawn status Lost status Source of classification or shelving scheme Damaged status Not for loan Collection Home library Current library Shelving location Date acquired Total Checkouts Full call number Barcode Date last seen Price effective from Koha item type Copy number
    Dewey Decimal Classification     Juvenile Fiction Footprints International School Library Network Toul Tom Poung Campus Footprints International School Library Network Toul Tom Poung Campus TTP Primary Green Bookshelves 01/25/2024   SWE 912.014 GA130.S885 FISTK02595 01/25/2024 01/25/2024 Books  
    Dewey Decimal Classification     Juvenile Fiction Footprints International School Library Network Toul Tom Poung Campus Footprints International School Library Network Toul Tom Poung Campus TTP Primary Green Bookshelves 08/28/2025   SWE 912.014 GA130.S885 FIS03022 08/28/2025 08/28/2025 Books 2